Po Patrovi prišiel Bačinský 36. majstrovstvá sveta v silovom trojboji žien a mužov Stavanger, 5.-11.11.2006

Bibliographic Details
Main Author: Valko, Juraj (Author)
Format: Article
Language:Slovak
PhysicalDescription:Fotogr., tab.
ISSN:1336-6068
Subjects:

MARC

LEADER 00000nab a2200000 ar4500
001 vtls008934479
003 SK-MaSNL
005 20260303070609.0
008 070111c2006 xo wr|p|||||||000 b|slo
015 |a SNBRB2007/01  |2 snkbucl 
038 |a SNKBUCL 
040 |a SNKBUCL  |b slo  |c SNKBUCL  |e AACR2 
041 0 |a slo 
044 |a xo  |c SK 
080 |a 796.88.093.1  |x (100)  |2 UDC-MRF-SK2 
100 1 |a Valko, Juraj  |4 aut  |9 888895 
245 1 0 |a Po Patrovi prišiel Bačinský  |b 36. majstrovstvá sveta v silovom trojboji žien a mužov Stavanger, 5.-11.11.2006  |c Juraj Valko 
300 |b Fotogr., tab. 
611 2 7 |a Majstrovstvá sveta v silovom trojboji žien a mužov  |n (36. :  |d 2006 :  |c Stavanger, Nórsko)  |2 snkbucl  |9 1068237 
650 0 7 |a vzpieranie  |2 snkbucl  |9 3253 
650 0 7 |a silový trojboj  |2 snkbucl  |9 58231 
773 0 |t Muscular Storm  |g Č. 12 (2006), s. 64-65  |x 1336-6068 
852 |a SNK  |b KIS3GCP 
999 |c 1756067  |d 1757997